MDQL
is popping MORE tags! Check the
thread
!
Quizzes
Events
Quiz Creation
Community
Videos
Private Events
Remove Ads
Sign In
Join for FREE
Feedback
Dark Mode
Quiz Categories
Sports
Geography
Music
Movies
Television
Just For Fun
Miscellaneous
History
Literature
Language
Science
Gaming
Entertainment
Religion
Holiday
For Kids
Quiz Lab
Recent
Popular Today
Quiz Kudos Today
Editor Picks
Curator Picks
Quizzes by...
Day
Popularity
Type
Ratings
Length
Year
Community
Subscriptions
Recent Discussions
Orange Saloon
Badges
Playlists
Quests
Create
Leaderboards
Showdown
Live 5
Trivia Bingo
Activity
Puzzle Library
Sporcle Events
Private Events
Virtual Trivia
Globe League
Become a Host
Pub Owners
SporcleCon
Opinionation
Our Games
Videos
Blog
Mobile Apps
Partnerships
Remove Ads and Go Orange
Feedback
Religion
Mythology
Religious Music
World Religions
Bible
Christianity
Catholicism
Judaism
Church
Scripture
Islam
Verse
Religion
Mythology
Religious Music
World Religions
Bible
Christianity
Catholicism
Judaism
Church
Scripture
Islam
Verse
Random Quiz
Search Sporcle
×
Quiz Lab
Quiz Lab
Religion
Definition
Type in answers that appear in a list
Type in answers that appear in a list
Classic
Best Score? Go Orange.
Rules of Evidence Hearsay Stats
Can you name the Hearsay Rules of Evidence ?
By
Jemstar
5m
46 Questions
281 Plays
281 Plays
281 Plays
Comments
Comments
Give Quiz Kudos
Give Quiz Kudos
-
- Ratings
hide this ad
Forced Order
Answers have to be entered in order
Answers have to be entered in order
Replay
Link that replays current quiz
Next Quiz
Link to next quiz in quiz playlist
You Got
0%
They Got
Avg Score
25%
Avg Friend Score
Upgrade to see
Score Distribution
Jump to the score distribution portion of the page
Score
0/46
Timer
05:00
0
Plays Today
Rule Definition
% Correct
A 'statement' is an oral or written assertion or nonverbal conduct of a person, if it is intended by the person as an assertion
801a
80.4%
A 'declarant' is a person who makes a statement
801b
80.4%
'Hearsay' is a statement, other than one made by the declarant while testifying at the trial or hearing, offered in evidence to prove the truth of the matter asserted
801c
80%
Then existing mental, emotional, or physical condition
803(3)
71.8%
Excited utterance
803(2)
57.9%
Hearsay within hearsay
805
44.3%
A statement is not hearsay if it is offered against a party and is a statement by the party's agent or servant concerning a matter within the scope of the agency or employment, mad
801d2d
42.5%
Absence of public record or entry
803(10)
42.5%
Records of vital statistics
803(9)
40.7%
A statement is not hearsay if the declarant testifies at teh trial or hearing and is subject to cross-
examination concerning the statement, and the statement is inconsistent with t
801d1a
37.5%
Records of regularly conducted activity
803(6)
31.8%
'Unavailability as a witness' includes situations in which the declarant is unable to be present or to testify at the hearing because of death or then existing physical or mental i
804a4
31.4%
Statements for purposes of medical diagnosis or treatment
803(4)
30%
Family records
803(13)
29.3%
Reputation as to character
803(21)
28.6%
'Unavailability as a witness' includes situations in which the declarant persists in refusing to testify concerning teh subject matter of the declarant's statement despite an order
804a2
27.5%
A statement is not hearsay if the declarant testifies at the trial or hearing and is subject to cross-
examination concerning the statement, and the statement is one of identificati
801d1c
25%
A statement is not hearsay if it is offered against a party and is a statement by a coconspirator of a party during the course and in furtherance of the conspiracy
801d2e
23.6%
Judgment of previous conviction
803(22)
23.6%
Recorded recollection
803(5)
23.2%
A statement is not hearsay if it is offered against a party and is the party's own statement, in either an individual or a representative capacity
801d2a
21.8%
Marriage, baptismal, and similar certificates
803(12)
21.4%
Records of religious organizations
803(11)
19.3%
Rule Definition
% Correct
A statement is not hearsay if the declarant testifies at the trial or hearing and is subject to cross-
examination concerning the statement, and the statement is consistent with the
801d1b
18.9%
Attacking and supporting credibility of declarant
806
18.6%
This is not excluded by the hearsay rule if the declarant is unavailable as a witness: former testimony
804b1
18.2%
This is not excluded by the hearsay rule if the declarant is unavailable as a witness: forfeiture by wrongdoing
804b6
17.9%
Absence of entry in records kept in accordance with the provisions of paragraph (6)
803(7)
15.7%
A statement is not hearsay if it is offered against a party and is a statement by a person authorized by the party to make a statement concerning the subject
801d2c
15%
Present sense impression
803(1)
14.6%
Records of documents affecting an interest in property
803(14)
12.5%
Reputation concerning boundaries or general history
803(20)
12.1%
This is not excluded by the hearsay rule if the declarant is unavailable as a witness: statement against interest
804b3
10.4%
Statements in documents affecting an interest in property
803(15)
9.6%
Public records and reports
803(8)
9.3%
A statement is not hearsay if it is offered against a party and is a statement of which the party has manifested an adoption or belief in its truth
801d2b
8.6%
This is not excluded by the hearsay rule if the declarant is unavailable as a witness: statement under belief of impending death
804b2
8.6%
This is not excluded by the hearsay rule if the declarant is unavailable as a witness: statement of personal or family history
804b4
7.9%
Judgment as to personal, family, or general history, or boundaries
803(23)
7.1%
Statements in ancient documents
803(16)
6.4%
Hearsay is not admissible except as provided by these rules or by other rules prescribed by the Midlands Supreme Court pursuant to statutory authority
802
6.1%
Reputation concering personal or family history
803(19)
6.1%
'Unavailability as a witness' includes situations in which the declarant is exempted by ruling of the court on the ground of privilege from testifying concerning the subject matter
804a1
6.1%
'Unavailability as a witness' includes situations in which the declarant testifies to a lack of memory of the subject matter of the declarant's statement
804a3
5.4%
Market reports, commercial publications
803(17)
5%
Learned treatises
803(18)
5%
Quiz Playlist
Details
Report
Send in Message
Add To Playlist
Classic:
Type in answers that appear in a list
Forced Order:
Answers have to be entered in order
Last Updated: Feb 16, 2017
Quiz Scoreboard
CHALLENGE
Sign Up to Join the Scoreboard
Show All
Scores
Hide
Comments
May contain spoilers
Recently Published
Find the 'City' Movie
by crazypaving
Movies
60s
5x2 Blitz: Bands
by SL_Kpop136
Music
30s
Colored Red Africa Blitz
by spor1
Geography
30s
More to Explore
Quiz From the Vault
Featured Blog Post
14 Easter Pick-up Lines to Find Eggs With
hide this ad
You Might Also Like...
Tags
Definition Quiz
Evidence
Hearsay
rule
Today's Top Quizzes in Religion
Browse Religion
hide this ad
Today's Top Quizzes in Definition
Browse Definition
Top Contributed Quizzes in Religion
1
Christmas Pick: Judaism
2
Christmas Pick: Islam
3
Christmas Pick: World Religions
4
Longevity in the Bible
5
Christmas Pick: Religious Music
6
Christmas Pick: Scripture
7
Mythological Creature Bunker
8
Surahs of the Quran with meaning Part 1
9
One Thing in Common: Mythology
10
99 names of Allah
Explore More
Trending Topics
Disney
Kpop
Marvel
Anime
NBA
Crossword
Harry Potter
NFL
Puzzle
The Office
Song
Pokémon
Soccer
Country
WWE
hide this ad
More By:
Jemstar
Quiz
Plays
Rating
Category
Featured
Created
Rules of Evidence Hearsay
281
3.00
Religion
Oct 7, 2009
Hearsay Rules of Evidence 803
74
Religion
Oct 13, 2009
Go to Creator's Profile
Score Distribution
Quiz Creator Spotlight
Jemstar
Follow
Send a Message
Quizzes Created
-
Created Quiz Play Count
-
More By This Creator
Popular Quizzes Today
1
Colored Red Africa Blitz
2
Find the 'City' Movie
3
Find the US States - No Outlines Minefield
4
5x2 Blitz: Bands
5
The Countries of the World
6
Find the US States
7
US States
8
9x9 Crossword: Cartoon Network
More Religion Quizzes
Roman God by Phonetic Name
Editor's Pick
Trending Quizzes
Colored Red Europe Blitz I
Colored Red Europe Blitz II
Colored Red Africa Blitz II
Colored Red Europe Blitz III
Colored Red Africa Blitz III
Recently Updated
Godzilla Movies
pecheneg
Grab Bag: 4-10 Letters
pecheneg
2024 March Madness Bracket
pecheneg
Famous TV Couples
Peacemaker
Champions League XIs: Real Madrid
pecheneg
Largest US Cities 1790-2010
pecheneg
Rides in Walt Disney World
pecheneg
Most Oscar Losses (Acting)
pecheneg
Beyoncé Albums
pecheneg
Leaping Animals
pecheneg
Trending Topics
Crossword
Anime
NBA
Kpop
Marvel
Harry Potter
Disney
The Office
NFL
WWE
Soccer
Pokémon
Country
Song
Puzzle
Your Account Isn't Verified!
In order to create a playlist on Sporcle, you need to verify the email address you used during registration. Go to your
Sporcle Settings
to finish the process.
Report this User
Report this user for behavior that violates our
Community Guidelines
.
Details:
Send Report
Go to the Sporcle.com Mobile Site →
Comments